000 00334nam a2200133Ia 4500
008 231129s1954||||xx |||||||||||||| ||spa||
040 _bspa
082 _a235.2092 V215
100 _aValtierra Angel S.J.
245 0 _aEl esclavo de los esclavos: San Pedro Claver S.J.
260 _c1954
264 _aAutores
942 _2ddc
_cBKS
999 _c10993
_d10993